123456789 - Statistics

General Stats
  • This quiz has been taken 1,266 times
  • The average score is 9 of 10
Answer Stats
Hint Answer % Correct
1x1 1
100%
2x2 4
97%
3x3 9
96%
4x4 16
91%
5x5 25
91%
6x6 36
87%
10x10 100
81%
7x7 49
81%
8x8 64
79%
9x9 81
79%
No matching quizzes found
Score Distribution
Percent of People with Each Score
Percentile by Number Answered
Your Score History
You have not taken this quiz